Cazaquistão - Statistics

Estatísticas Gerais
  • Esse quiz foi jogado 10 vezes
  • A pontuação média é 5 de 13
Estatísticas das Respostas
Hint Resposta % Correto
Onde fica? Ásia
100%
Com quantos países faz fronteira? 5
88%
Qual é a sua capital? Nursultan
88%
Qual é a sua religião? Islamismo
75%
Em 1991 conquistou a independência de que país? União Soviética
75%
Qual é o seu idioma? Cazaque
50%
Qual é a sua cidade mais populosa? Almati
13%
Como se chama a maior base de lançamento de foguetes que fica localizada no Cazaquistão? Baikonur
0%
Qual é o ponto mais alto do país? Khan Tengri
0%
Qual é a bebida típica do país? Kumis
0%
Qual é o desporto mais praticado no país? Kyz kuu
0%
Qual é o animal nacional do país? Leopardo da Neve
0%
Como se chama a sua moeda? Tenge
0%
Nenhum quiz correspondente encontrado
Distribuição das Pontuações
Porcentagem de Pessoas com Cada Pontuação
Percentil de Números Respondidos
Sua Pontuação Histórica
Você não jogou esse quiz